000 01449nam a22003977a 4500
003 CHAP
005 20220329133839.0
008 971013s1979 r 00010 d
010 _a11730
011 _a12702
035 _a16209
040 _cCHAP
090 _aTesis
100 0 0 _aSalgado Maldonado, José Manuel.
_9101593
245 _aEstudio del régimen de humedad en el suelo y fertilización fosforada, para el cultivo de la soya, en el Valle de Mexicali, B. C.
260 _aChapingo, Méx. :
_bEl autor,
_c1979
300 _a124 h. gráfs.
502 _aTesis (Ing. Agrónomo Especialista en Suelos) -- ENA. Departamento de Suelos
590 _aALEPH
_b10
_c20130110
_lUCH01
_h1229
590 _aBATCH-UPD
_b10
_c20130109
_lUCH01
_h2339
590 _aBATCH-UPD
_b10
_c20130110
_lUCH01
_h2117
590 _aBATCH-UPD
_b10
_c20130409
_lUCH01
_h1908
590 _aBATCH-UPD
_b10
_c20130410
_lUCH01
_h1427
590 _aBATCH-UPD
_b10
_c20130914
_lUCH01
_h1426
590 _aCONVERSION
_b10
_c20130109
_lUCH01
_h1308
650 1 4 _aFertilizantes
_xEfecto en soya.
_940552
650 1 4 _aSoya
_xAgua requerida.
_9109015
650 1 4 _aSoya
_xBaja California.
_9109022
650 1 4 _aSoya
_xIrrigación.
_9109065
901 _aBK
942 _cFOLL
949 _bBC
_cTES
_d-135791
_eTS1
_i16209
_si
949 _bBC
_cTES
_d-135792
_eTS2
_fc.2
_i16209
_si
949 _bBC
_cTES
_d-135793
_eTS1
_fc.3
_h21946
_i16209
_si
949 _bS
_cTESBD
_d-28430
_eTS1
_i16209
_si
999 _c11730
_d11730